| 000 | 00953cam a22002054a 4500 | ||
|---|---|---|---|
| 005 | 20250605164043.0 | ||
| 008 | 250528s ||||||||||||||||||||||||d | ||
| 035 | _a17055 | ||
| 020 | _a714526470 | ||
| 040 |
_aGR-AtMCL _bgre _dGR-AtMCL _eAACR2 |
||
| 245 | 1 | _aThe Limits to Satisfaction / On Needs and Commodities | |
| 260 | _c1978 | ||
| 300 | _a168 | ||
| 520 | _aThe Nature of satisfaction in general and the uniqueness of a social culture where marketing and consumption create the main social bonds between people. Preface, Introduction, Examination, The Individual, Society, Non-Human Nature, Diagnosis, Needs, Commodities, The Double Ambiguity, Prognosis, Toward an Alternative Setting for Human Needs, The Conserver Society, The Needs of Non-Human Nature, Other Satisfactions, Notes, Works Cited, Acknowledgements. | ||
| 700 | 1 |
_aLeiss William _93184 |
|
| 700 | 1 |
_aMarion Boyars _93185 |
|
| 942 | _cBK | ||
| 999 |
_c2495 _d2495 |
||